Statistiques concernant Rappeurs français par description

Cliquez ici pour prendre le quiz!

Statistiques générales

  • Ce quiz a été pris 611 fois
  • Le résultat moyen est 6 sur 16

Statistiques - réponses

DescriptionRappeur% Correct
D'origine congolaise, il s'est fait connaître dans le milieu du rap français grâce à ses textes percutants et son flow caractéristique. Il possède également une chaîne de fast food et une marque de vêtements.Ninho
78%
Il s'est fait connaître dans le milieu du rap français grâce à son style agressif et percutant, ainsi que ses collaborations avec d'autres artistes de renom comme Booba. Il est reconnu pour ses textes crus et parfois provocateurs, abordant des thèmes tels que la rue, la violence, le succès et la vie des quartiers populaires. Sa rivalité avec son mentor alimente les réseaux sociaux depuis des années.Kaaris
70%
Son premier album "Perdu d'avance" sorti en 2009 lui a permis de se faire un nom dans le rap français, et il a depuis confirmé son succès avec des albums tels que "Le Chant des Sirènes" et "La fête est finie". Il est également reconnu pour ses talents de réalisateur et d'acteur, ayant participé à des projets cinématographiques et télévisuels acclamés par la critique.Orelsan
63%
Il s'est fait connaître dans le milieu du rap grâce à son style musical éclectique mélangeant rap, pop et variété française. Très prolifique, il sort régulièrement des albums et des morceaux, ce qui lui a permis de gagner une large audience et de devenir l'un des artistes les plus écoutés en France, malgré les critiques.Jul
61%
Il s'est fait connaître dans le milieu du rap grâce à son style musical unique mêlant des influences de trap, de cloud rap et de rap conscient. Il est reconnu pour son flow technique, sa voix reconnaissable et ses textes introspectifs. Son premier album "Anarchie" sorti en 2016 a rencontré un grand succès et a confirmé son statut d'artiste majeur dans le paysage du rap français.SCH
51%
Originaire de Chypre et élevée en France, elle s'est fait connaître dans les années 2000 grâce à son style engagé et ses textes percutants abordant des thèmes tels que la condition des femmes, les inégalités sociales et les difficultés de la vie urbaine. Elle est reconnue pour son flow rapide et ses paroles poignantes qui ont marqué toute une génération.Diam's
41%
Il est notamment connu pour son association avec le collectif de rap L'Entourage, ainsi que pour sa participation au groupe 1995. Il est souvent salué pour son talent d'écriture et sa contribution à la diversité et à l'innovation dans le rap français contemporain.Alpha Wann
40%
Collectif de rap français composé de plusieurs membres originaires de la banlieue parisienne, notamment de Sevran. Ils sont connus pour leur fameux Fuck le 1713 block
38%
Originaire de Rennes, il s'est fait connaître dans le milieu du rap grâce à son style décalé, humoristique et ironique. Connu pour ses textes drôles et parfois absurdes, il traite de sujets variés allant de la vie quotidienne à des thématiques plus légères.Lorenzo
38%
Rappeur français emblématique, membre fondateur du groupe IAM. Il est l'une des figures majeures du rap français depuis les années 1990. Il est reconnu pour son engagement social et politique, ainsi que pour ses textes profonds et poétiques. Il a également mené une carrière solo prolifique. Il reste une figure respectée et influente dans le rap français, tant pour son talent artistique que pour son engagement intellectuel et social.Akhenaton
32%
Avec NTM, il a marqué l'histoire du rap français dans les années 1990 avec des albums cultes tels que "Suprême NTM" et "Paris sous les bombes". Après la séparation du groupe, il a également mené une carrière solo réussie, affirmant son style et sa place parmi les grands noms du rap français. Il est également connu pour son engagement dans des causes sociales et humanitaires.Kool shen
28%
Originaire de la région parisienne, il s'est fait remarquer dans le paysage musical grâce à son style unique, mêlant des influences de rap conscient, de trap et de sonorités afro. Il s'est très vite imposé comme un grand nom de la drill en france.Ziak
28%
De son vrai nom Atef Kahlaoui, il est connu pour son style cru et provocateur, utilisant un langage cru et des punchlines percutantes. Il s'est fait remarquer dans le milieu du rap français grâce à ses talents de rappeur et de parolier, ainsi que pour ses collaborations avec d'autres artistes renommés.Alkpote
16%
Figure du rap underground français, il cultive une attitude discrète voire mystérieuse. La simplicité du personnage qu’il incarne suscite un engouement et une identification forte. Refusant la médiatisation, il remplit les salles de concerts sans publicité, ni interview, ni invité sur ses albums à quelques exceptions près. Il fait de son indépendance une identité, en s'affranchissant des labels.Hugo TSR
14%
De son vrai nom Sébastien Gonzalez, c'est un rappeur, chanteur et compositeur français. Il se distingue par son univers musical éclectique, mêlant des influences de rap, de chanson française, de jazz et d'électro. Il est également reconnu pour ses textes poétiques, humoristiques et souvent teintés de surréalisme. Ses chansons abordent des thèmes variés tels que l'amour, la société, l'imaginaire et la réflexion sur le monde contemporain. Sa créativité artistique et son originalité lui ont permis de se démarquer dans le paysage musical français et de gagner une base de fans fidèles appréciant son style novateur et ses performances scéniques vivantes.Hippocampe fou
3%
Reconnu pour son style unique mêlant rap, slam et musique des balkans. Originaire de Strasbourg, il se distingue par des textes poétiques riches en métaphores et en références littéraires, abordant souvent des thèmes profonds et engagés.Dooz kawa
1%

Distribution des résultats

Percentile par nombre de réponses

% des personnes avec chaque résultat

Votre développement - résultats

Vous n’avez pas pris ce quiz